[Event "Wch U12"]
[Site "Santiago de Compostela"]
[Date "2018.11.12"]
[Round "8"]
[White "Tugstumur, Yesuntumur"]
[Black "Han, Yichen"]
[Result "0-1"]
[WhiteElo "2331"]
[BlackElo "2061"]
[PlyCount "108"]
[EventDate "2018.11.04"]
[EventType "swiss"]
[EventRounds "11"]
[EventCountry "ESP"]
[SourceTitle "EXT 2022"]
[Source "ChessBase"]
[SourceDate "2021.10.06"]
[SourceVersion "1"]
[SourceVersionDate "2021.10.06"]
[SourceQuality "1"]

1. b3 e5 2. Bb2 Nc6 3. g3 d5 4. Bg2 Be6 5. d3 Qd7 6. Nd2 0-0-0 7. c4 Nge7 8. Ngf3 f6 9. 0-0 Bh3 10. cxd5 Bxg2 11. Kxg2 Nxd5 12. Ne4 h5 13. h4 Be7 14. Rc1 g5 15. Rh1 gxh4 16. Nxh4 Rhg8 17. e3 f5 18. Nc5 Bxc5 19. Rxc5 f4 20. Bc1 fxg3 21. fxg3 Ndb4 22. Qxh5 Nxd3 23. Rc2 Qd5+ 24. Qf3 e4 25. Qf5+ Kb8 26. Ba3 Nce5 27. Re2 Rd7 28. Bb2 Nxb2 29. Rxb2 Rf7 30. Qh5 Ng4 31. Qxd5 Nxe3+ 32. Kh3 Nxd5 33. Rd2 c6 34. Re1 e3 35. Rde2 Kc7 36. a3 Kd6 37. Rd1 Ke5 38. Rc1 Ke4 39. Ree1 Rf2 40. Rc4+ Kd3 41. Rd1+ Rd2 42. Re1 e2 43. Nf3 Rd1 44. Kh2 Rxe1 45. Nxe1+ Kd2 46. Nf3+ Ke3 47. Ne1 Rf8 48. g4 Kd2 49. Ng2 e1Q 50. Nxe1 Kxe1 51. Kg3 Ke2 52. g5 Kd3 53. Rh4 Rg8 54. Kg4 Ne3+ 0-1

[Event "Wch U12"]
[Site "Santiago de Compostela"]
[Date "2018.11.11"]
[Round "7"]
[White "Gukesh, Dommaraju"]
[Black "Tugstumur, Yesuntumur"]
[Result "1-0"]
[WhiteElo "2457"]
[BlackElo "2331"]
[PlyCount "77"]
[EventDate "2018.11.04"]
[EventType "swiss"]
[EventRounds "11"]
[EventCountry "ESP"]
[SourceTitle "EXT 2022"]
[Source "ChessBase"]
[SourceDate "2021.10.06"]
[SourceVersion "1"]
[SourceVersionDate "2021.10.06"]
[SourceQuality "1"]

1. Nf3 c5 2. c4 Nc6 3. Nc3 e5 4. e3 Nf6 5. Be2 d5 6. cxd5 Nxd5 7. 0-0 Be6 8. Bb5 Bd6 9. Ne4 Nc7 10. Bxc6+ bxc6 11. b3 f5 12. Nxd6+ Qxd6 13. d3 0-0-0 14. Bb2 Bd5 15. Nxe5 Rhe8 16. f4 g5 17. e4 Bg8 18. Qh5 fxe4 19. dxe4 gxf4 20. Rad1 Qe6 21. Rxf4 Rxd1+ 22. Qxd1 Rd8 23. Qf1 Qe8 24. h3 Kb7 25. Kh2 Qe7 26. Qf2 Ne6 27. Rf6 Rf8 28. Nc4 Rxf6 29. Bxf6 Qf8 30. Qh4 Nc7 31. Be7 Qg7 32. Nd6+ Kb8 33. Bf6 Qd7 34. Be5 a6 35. Bg3 Ka7 36. Qg5 Be6 37. Qxc5+ Ka8 38. Qb6 h5 39. Qb7# 1-0

[Event "Wch U12"]
[Site "Santiago de Compostela"]
[Date "2018.11.05"]
[Round "2"]
[White "Chen, Max"]
[Black "Tugstumur, Yesuntumur"]
[Result "0-1"]
[WhiteElo "1910"]
[BlackElo "2331"]
[PlyCount "128"]
[EventDate "2018.11.04"]
[EventType "swiss"]
[EventRounds "11"]
[EventCountry "ESP"]
[SourceTitle "EXT 2022"]
[Source "ChessBase"]
[SourceDate "2021.10.06"]
[SourceVersion "1"]
[SourceVersionDate "2021.10.06"]
[SourceQuality "1"]

1. e4 c5 2. Nf3 e6 3. c3 Nf6 4. Bd3 d6 5. Bc2 b6 6. 0-0 Bb7 7. Re1 Nbd7 8. d4 Be7 9. Qd3 Qc7 10. h3 e5 11. d5 0-0 12. Nbd2 Nh5 13. Nf1 g6 14. Bh6 Rfe8 15. c4 Bf8 16. Be3 f5 17. Ng5 f4 18. Ne6 Qc8 19. Bd2 Ng7 20. Nxg7 Bxg7 21. g3 Rf8 22. Bd1 h5 23. Nh2 fxg3 24. fxg3 Nf6 25. h4 Qh3 26. Be2 Rf7 27. Bf1 Qd7 28. Nf3 Ng4 29. Bh3 Raf8 30. Ng5 Rf6 31. Rf1 Bc8 32. Rxf6 Rxf6 33. Rf1 Qe7 34. Kg2 Bh6 35. Rxf6 Qxf6 36. Qf3 Qxf3+ 37. Kxf3 Nh2+ 38. Kg2 Bxh3+ 39. Kxh3 Bxg5 40. Bxg5 Nf3 41. Be3 Ne1 42. b3 Nd3 43. Kg2 Nb4 44. a4 Nc2 45. Bd2 Kf7 46. Kf2 Ke7 47. Bc3 Nd4 48. Bxd4 exd4 49. e5 dxe5 50. Kf3 Kf6 51. Ke4 a6 52. Kd3 Kf5 53. Kd2 e4 54. Ke2 Ke5 55. Kd2 e3+ 56. Kd3 b5 57. axb5 axb5 58. Ke2 b4 59. Kd3 Kf5 60. Ke2 Ke4 61. d6 d3+ 62. Kf1 Kf3 63. d7 d2 64. d8Q e2+ 0-1

[Event "Asia-ch U20"]
[Site "Ulaanbaatar"]
[Date "2018.08.21"]
[Round "4"]
[White "Tugstumur, Yesuntumur"]
[Black "Garidmagnai, Byambasuren"]
[Result "0-1"]
[WhiteElo "2361"]
[BlackElo "2128"]
[PlyCount "120"]
[EventDate "2018.08.19"]
[EventType "swiss"]
[EventRounds "9"]
[EventCountry "MGL"]
[SourceTitle "CBM 186 Extra"]
[Source "ChessBase"]
[SourceDate "2018.08.24"]
[SourceVersion "1"]
[SourceVersionDate "2018.08.24"]
[SourceQuality "1"]

1. d4 Nf6 2. c4 g6 3. Nc3 Bg7 4. e4 d6 5. Nf3 0-0 6. Be2 Na6 7. 0-0 e5 8. Be3 Ng4 9. Bg5 Qe8 10. h3 h6 11. Bh4 Nf6 12. Bxf6 Bxf6 13. c5 exd4 14. Nd5 Bd8 15. cxd6 Qxe4 16. Bc4 cxd6 17. Re1 Qf5 18. Nxd4 Qg5 19. f4 Qh4 20. Nf3 Qh5 21. Kh2 Nc7 22. Ne7+ Bxe7 23. Rxe7 Qc5 24. Bxf7+ Rxf7 25. Rc1 Qxc1 26. Qxc1 Rxe7 27. Nh4 Kh7 28. Qc2 Rg7 29. Nxg6 Rxg6 30. f5 Bxf5 31. Qxf5 Rag8 32. g4 Ne6 33. Qd5 Nd8 34. Qe4 Nc6 35. b4 Kh8 36. b5 Ne5 37. Qf5 Kg7 38. Qe4 Kh8 39. Qf5 R8g7 40. Qc8+ Kh7 41. Qc2 Rf7 42. a4 Kg7 43. Qc3 h5 44. gxh5 Rg5 45. a5 Kh6 46. h4 Rg4 47. Qc8 Rxh4+ 48. Kg3 Rxh5 49. Qh8+ Kg6 50. Qg8+ Kf6 51. Qd8+ Kg7 52. Qxd6 Rf3+ 53. Kg2 Rg5+ 54. Kh2 Rf4 55. Qc7+ Kh6 56. Kh3 Ng6 57. Qxf4 Nxf4+ 58. Kh4 Kg6 59. a6 Kf5 60. axb7 Rg4# 0-1